Rating daňových subjektov diplomová práca

Na minha lista:
Detalhes bibliográficos
Autor principal: Kubánová, Katarína
Autor Corporativo: Národohospodárska fakulta EU. Katedra financií
Outros Autores: Schultzová, Anna
Formato: Livro
Idioma:eslovaco
Publicado em: Bratislava 2017
Tags: Adicionar Tag
Sem tags, seja o primeiro a adicionar uma tag!

MARC

LEADER 00000nbm a2200000 4500
001 0231913
005 20171127145738.8
041 0 |a slo 
044 |a SK 
245 1 0 |a Rating daňových subjektov  |b diplomová práca  |c Katarína Kubánová ; školiteľ: Anna Schultzová 
264 1 |a Bratislava  |c 2017 
300 |a 82 s. 
100 1 |a Kubánová, Katarína 
700 1 |a Schultzová, Anna 
710 2 |a Národohospodárska fakulta EU. Katedra financií